| 000 | 00917nam a22002537a 4500 | ||
|---|---|---|---|
| 999 |
_c108063 _d108063 |
||
| 005 | 20200609105532.0 | ||
| 010 | _aA-026148 | ||
| 020 | _c20.50 | ||
| 035 | _aA-026148 | ||
| 037 | _bCen Lib/Ret | ||
| 082 | _a841 | ||
| 100 | _aزوک ، شیخ محمد ابراہیم | ||
| 245 |
_aکُلّیاتِ ذوک : _cشیخ محمد ابراہیم ذوک ؛ معتب تنویر احمد علوی _bاردو / |
||
| 246 |
_aKulliyat-e-zok : urdu / _bby Shekh Mohmmad Ibraheem Zok ; traslated by Tanveer Ahmad Alvi |
||
| 260 |
_aنیی دہلی _bترقی اردو بوریو _c1980 ء |
||
| 270 |
_bنیی دہلی _a8 آر کے پرم _e110022 |
||
| 300 |
_a496P. _c21cm(Hb) |
||
| 650 | _a ادب - اردو | ||
| 650 | _a اردو نظم | ||
| 650 | _aLiterature -- Urdu | ||
| 650 | _aUrdu poetry | ||
| 700 |
_a تنویر احمد علوی _9376 |
||
| 942 |
_2ddc _cUR _h841 _mذ و ق |
||